Roces Constitucionales del Tratado de Libre Comercio entre República Dominicana, Centroamérica y Estados Unidos (TLC)
Збережено в:
| Співавтор: | |
|---|---|
| Формат: | Текст |
| Опубліковано: |
San José:
Editorial de la Universidad de Costa Rica
|
| Теги: |
Додати тег
Немає тегів, Будьте першим, хто поставить тег для цього запису!
|
MARC
| LEADER | 00000 a a2200000 04500 | ||
|---|---|---|---|
| 001 | 34488 | ||
| 003 | |||
| 040 | |||
| 090 | |a 0001 U58r | ||
| 110 | |a Universidad de Costa Rica. Comisión Especial sobre Roces Constitucionales del TLC | ||
| 245 | |a Roces Constitucionales del Tratado de Libre Comercio entre República Dominicana, Centroamérica y Estados Unidos (TLC) | ||
| 260 | |a San José: |b Editorial de la Universidad de Costa Rica | ||
| 300 | |a 53 p. | ||
| 999 | |c 12255 |d 12255 | ||
